| 000 | 00798nam a22002057a 4500 | ||
|---|---|---|---|
| 999 |
_c2504 _d2504 |
||
| 003 | AR-CdUCM | ||
| 008 | 190304b ||||| |||| 00| 0 spa d | ||
| 040 |
_aMUNICIPALIDAD PROVINCIAL DEL CUSCO _cBIBLIOTECA MUNICIPAL DEL CUSCO |
||
| 082 |
_a348.411 / _bB426 |
||
| 100 |
_aBelaúnde Guinassi, César _98908 |
||
| 245 | _aLa legislación pesquera en el Perú / | ||
| 260 |
_aLima : _bUniversitaria _c1963. |
||
| 300 |
_a601 paginas ; _c21 cm. |
||
| 505 | _aLa ley y la pesca -- De las fabricas de harina de pescado -- Permisos para pescar matricula de embarcaciones -- Nacionalización de naves -- Comentarios tributarios a las pesca... | ||
| 650 |
_aLegislación pesquera _98909 |
||
| 650 |
_aRelaciones laborales _97470 |
||
| 650 |
_aReglamentos _98910 |
||
| 942 |
_2ddc _cLIBROS |
||
| 945 | _awnts | ||